000
00294nam a22001457a 4500
003
SGT
082
_a
370
_b
A14V
100
_a
VERMA, MOHINI
245
_a
ADHYAPAK SHIKSHA
250
_a
1ST
260
_a
NEW DELHI
_b
LAKSHAY PUB
_c
2014
300
_a
96
650
_a
EDUCATION
942
_2
ddc
_c
BK
999
_c
11750
_d
11750